North American combustion handbook: a basic reference on art and science of industrial heating with gaseous and liquid fuels
Bewaard in:
| Hoofdauteur: | |
|---|---|
| Formaat: | Boek |
| Taal: | Engels |
| Gepubliceerd in: |
Cleveland
North American
1986
|
| Editie: | 3a. ed |
| Onderwerpen: | |
| Tags: |
Voeg label toe
Geen labels, Wees de eerste die dit record labelt!
|
MARC
| LEADER | 00000nam a2200000 a 4500 | ||
|---|---|---|---|
| 001 | UCI0896 | ||
| 003 | CL-VaPUC | ||
| 008 | 070601e19860000US |||||||||||||||||eng|d | ||
| 020 | |a 0960159622 | ||
| 082 | 0 | 4 | |a 660.6 |b REE |2 21 |
| 100 | 0 | |a Reed, Richard J |e author |9 521081 | |
| 245 | 1 | 0 | |a North American combustion handbook: a basic reference on art and science of industrial heating with gaseous and liquid fuels |
| 250 | |a 3a. ed | ||
| 300 | |a 332 p | ||
| 942 | |c BK | ||
| 945 | |d 20070601 00:00:00 |a jtorresc | ||
| 260 | |a Cleveland |b North American |c 1986 | ||
| 650 | 0 | |a Combustión |9 339668 | |
| 650 | 7 | |a COMBUSTIBLES LIQUIDOS |2 CL-VaPUC |9 361176 | |
| 650 | 0 | |a Procesos industriales |9 334036 | |
| 650 | 0 | |a Fuentes de energía |9 263042 | |
| 583 | |a last modification |c 20140404 11:12:32 |k Rodrigo Vera | ||
| 999 | |c 325867 |d 325865 | ||